Topological methods in the theory of nonlinear integral equations /
Guardado en:
| Autor Principal: | |
|---|---|
| Formato: | Libro |
| Idioma: | English Russian |
| Publicado: |
Oxford ; New York :
Pergamon Press; [distributed in the Western Hemisphere by Macmillan, New York],
1964.
|
| Series: | International series of monographs in pure and applied mathematics ;
v. 45. |
| Materias: | |
| Etiquetas: |
Agregar Etiqueta
Sin Etiquetas, Sea el primero en etiquetar este registro!
|
| LEADER | 00986cam a22002291a 4500 | ||
|---|---|---|---|
| 001 | MAT.inmabb005602 | ||
| 008 | 730104s1964####enk######b####000#0#eng## | ||
| 005 | 20130318171824.0 | ||
| 245 | 1 | 0 | |a Topological methods in the theory of nonlinear integral equations / |c Translated by A. H. Armstrong. Translation edited by J. Burlak. |
| 260 | |a Oxford ; |a New York : |b Pergamon Press; [distributed in the Western Hemisphere by Macmillan, New York], |c 1964. | ||
| 300 | |a xi, 395 p. ; |c 23 cm. | ||
| 490 | 1 | |a International series of monographs on pure and applied mathematics ; |v v. 45 | |
| 504 | |a Bibliografía: p. 383-392. | ||
| 510 | 4 | |a MR, |c 28 #2414 | |
| 100 | 1 | |a Krasnosel´skii, M. A. |q (Mark Aleksandrovich), |d 1920- | |
| 830 | 0 | |a International series of monographs in pure and applied mathematics ; |v v. 45. | |
| 650 | 0 | |a Integral equations. | |
| 084 | |a 45Gxxx |2 msc2000 | ||
| 010 | |a 63010052 | ||
| 040 | |a DLC |c ODaWU |d OCoLC |d DLC | ||
| 041 | 1 | |a eng |h rus | |
| 859 | |h 45 |i K89 |p A-2842 |b BIB. MATEMATICA | ||
